| 000 | 00802nmm a2200289 a 4500 | ||
|---|---|---|---|
| 003 | AR-BaBNM | ||
| 005 | 20251128204224.0 | ||
| 008 | 195019s1990 ||||||||||||||000 | spa|| | ||
| 040 | _cAR-BaBNM | ||
| 100 | 1 | _aMalamud, Elina | |
| 245 | 1 | 0 |
_aMacanudo I _bmanual para la enseñanza del español del Río de la Plata |
| 260 |
_aBuenos Aires _bHéctor Dinsmann Editor _c1990 |
||
| 300 | 0 |
_a67 p. _bil. |
|
| 650 | 4 | _aENSENANZA DE LA LENGUA MATERNA | |
| 650 | 4 | _aLENGUAS VERNACULAS | |
| 650 | 4 | _aESTUDIANTES EXTRANJEROS | |
| 650 | 4 | _aAPRENDIZAJE | |
| 650 | 4 | _aLINGUISTICA | |
| 650 | 4 | _aCOMUNICACION VERBAL | |
| 650 | 4 | _aACTIVIDADES EN GRUPO | |
| 650 | 4 | _aMANUAL | |
| 651 | 4 | _aArgentina | |
| 653 | 0 | _aEXPERIENCIAS EDUCATIVAS | |
| 700 | 1 | _aOrtolano, Mariel | |
| 942 | _cBK | ||
| 998 | _cCarmen | ||
| 999 |
_c6624 _d6624 |
||